Biggest Cities in Baja California Sur - Statistics

General Stats
  • This quiz has been taken 39 times
  • The average score is 7 of 20
Answer Stats
Population City % Correct
250,141 La Paz
96%
136,285 San José del Cabo
91%
202,694 Cabo San Lucas
87%
16,311 Loreto
52%
13,596 Guerrero Negro
43%
14,357 Santa Rosalía
43%
9,133 Ciudad Insurgentes
39%
7,185 Todos Santos
39%
43,805 Ciudad Constitución
35%
6,221 El Centenario
26%
2,367 Bahía Tortugas
17%
3,054 Chametla
17%
4,245 El Pescadero
17%
10,897 Villa Alberto Andrés Alvarado Arámburo
17%
3,834 Heroica Mulegé
13%
2,320 La Ribera
13%
2,227 Puerto Adolfo López Mateos
9%
2,409 Melitón Albáñez Domínguez
4%
5,742 Puerto San Carlos
4%
1,919 San Francisco
4%
No matching quizzes found
Score Distribution
Percent of People with Each Score
Percentile by Number Answered
Your Score History
You have not taken this quiz